Responses for Show #4705 - Friday, February 4, 2005

2005 Teen Tournament semifinal game 3.

Contestants

[<< previous game]

Jimmy Li, a senior from Chesterfield, Missouri

Wes Kovarik, a senior from Antioch, California

Ruvani Fonseka, a junior from Grosse Pointe, Michigan

[next game >>]

Jeopardy! Round responses

IT HAPPENED ONE FEBRUARY
FRENCH LESSONS WITH MOM
ROAD RULES
THE REEL WORLD
MAID
PUNK'D
    $200 7
the maple leaf

Wes
    $200 12
lunch

Triple Stumper
    $200 18
stop

Wes
    $200 13
Pirates of the Caribbean

Ruvani
    $200 1
Maid Marian

Wes
    $200 6
wack

Triple Stumper
    $400 8
the Supreme Court

Wes
    $400 23
very good

Ruvani
    $400 19
seat belts

Ruvani
    $600 14
(The Lord of the Rings:) The Two Towers

Ruvani
    $400 2
The Iliad

Jimmy
    $400 25
(Wes: What is to jump?)

trip

RuvaniWes
    $600 9
Mary

Wes
    $600 24
gorgeous (or cute or beautiful or pretty)

Jimmy
    $600 20
a school

Jimmy
    $600 15
Wimbledon

Jimmy
    $600 3
Joan of Arc

Wes
    $600 26
dis

Ruvani
    $800 10
e pluribus unum

Ruvani
    $800 29
Oh, my God

Wes
    $800 21
WRONG WAY

Ruvani
    $800 16
A Cinderella Story

Wes
    $800 4
Miguel de Cervantes

Jimmy
    $800 27
(Ruvani: Who is Fred?)

Barney

RuvaniWes
    $1000 11
Iwo Jima

Wes
    $1000 30
7:00

Ruvani
    $1000 22
yield

Ruvani
    $1000 17
Genovia

Wes
    $1000 5
The House of the Seven Gables

Triple Stumper
    $1000 28
(Ruvani: What is a climber?)
(Wes: What is a habitator?)

tree-sitter

RuvaniWes
Triple Stumper

Scores at the first commercial break (after clue 15):

Ruvani Wes Jimmy
$1,600 $3,000 $1,800

Scores at the end of the Jeopardy! Round:

Ruvani Wes Jimmy
$4,400 $5,200 $3,000

Double Jeopardy! Round responses

PHYSICS
WHAT TO WEAR?
AH, FLORIDA
IF SHAKESPEARE WROTE FOR THE WWE
LEFTIES
"RIGHT"IES
    $400 1
acceleration

Ruvani
    $400 8
cotton

Wes
    $400 11
hurricanes

Jimmy
    $400 12
(Julius) Caesar

Jimmy
    $400 22
Ronald Reagan

Wes
    $400 18
women's rights

Jimmy
    $800 2
a shock wave

Wes
    $800 10
suspenders

Wes
    $800 14
(Jimmy: What is an alligator?)

a manatee (or dolphin)

WesJimmy
    $800 13
Romeo

Wes
    $800 26
Jim Henson

Jimmy
    $800 27
intellectual property rights (or copyright)

Wes
    $1200 4
a focal point (or focus)

Jimmy
    $1200 3
a hoodie

Jimmy
    $1200 15
the Sunshine State

Ruvani
    $1200 19
(Ruvani: What is The Merchant of Venice?)

Shylock

RuvaniJimmy
    $1200 23
Jimi Hendrix

Wes
    $1200 28
bright

Ruvani
    $1600 5
radiation (or radioactivity)

Jimmy
    $1600 7
(Wes: What are fatigues?)

khakis

RuvaniWes
    $1,900 16
(Alex: Big conservationist.)

Teddy Roosevelt

Ruvani
    $1600 20
Richard III

Jimmy
    $1600 24
Leonardo da Vinci

Wes
    $1600 29
playwright

Jimmy
    $2000 6
iron

Wes
    $2000 9
shoes

Wes
    $2000 17
(Wes: What is St. Augustine?)

Pensacola

Wes
Triple Stumper
    $2000 21
Othello

Ruvani
    $2,000 25
(Wes: ...Sorry!)

Lord Nelson

Wes
    $2000 30
a shipwright

Wes

Scores at the end of the Double Jeopardy! Round:

Ruvani Wes Jimmy
$11,500 $13,200 $12,600

[wagering suggestions for these scores]

Final Jeopardy! Round responses

U.S. POLITICS
(Alex: Come on over here, Wes Kovarik. You are a finalist. You're gonna be playing for $75,000. And here are your two opponents.)
(Anne: Anne Shivers, Peotone, Illinois.)
(Michael: Michael Braun, Silver Spring, Maryland.)
(Alex: Join us then on Jeopardy!, won't you? So long, everybody.)
RuvaniWho are the Kennedys?
$1,198
JimmyWho is Kennedy?
$10,401
WesWho are the Kennedy's?
$12,001
the Kennedys

Final scores:

Ruvani Wes Jimmy
$12,698 $25,201 $23,001
3rd place: $5,000 and a computer package Finalist 2nd place: $5,000 and a computer package

Game dynamics:

Coryat scores:

Ruvani Wes Jimmy
$11,000 $15,200 $12,600
16 R
(including 2 DDs),
3 W
23 R,
5 W
(including 1 DD)
15 R,
1 W

Combined Coryat: $38,800

[game clues] [game scores] [suggest correction]

Game tape date: 2004-10-27
The J! Archive is created by fans, for fans. Scraping, republication, monetization, and malicious use prohibited; this site may use cookies and collect identifying information. See terms. The Jeopardy! game show and all elements thereof, including but not limited to copyright and trademark thereto, are the property of Jeopardy Productions, Inc. and are protected under law. This website is not affiliated with, sponsored by, or operated by Jeopardy Productions, Inc. Join the discussion at JBoard.tv.